<?xml version="1.0" encoding="UTF-8"?>
<record
    xmlns:xsi="http://www.w3.org/2001/XMLSchema-instance"
    xsi:schemaLocation="http://www.loc.gov/MARC21/slim http://www.loc.gov/standards/marcxml/schema/MARC21slim.xsd"
    xmlns="http://www.loc.gov/MARC21/slim">

  <leader>01516nam a2200277   4500</leader>
  <controlfield tag="005">20220317001840.0</controlfield>
  <controlfield tag="008">170410s2014    c      g      000 0 s</controlfield>
  <datafield tag="041" ind1=" " ind2=" ">
    <subfield code="a">spa</subfield>
  </datafield>
  <datafield tag="082" ind1="0" ind2="4">
    <subfield code="a">612.835</subfield>
    <subfield code="b">D37c</subfield>
  </datafield>
  <datafield tag="110" ind1="2" ind2=" ">
    <subfield code="a">Discovery Communications</subfield>
    <subfield code="9">77912</subfield>
  </datafield>
  <datafield tag="245" ind1="1" ind2="0">
    <subfield code="a">Cuerpo humano al l&#xED;mite</subfield>
    <subfield code="b">el cerebro, parte 2 = Human body pushing the limits</subfield>
    <subfield code="b">the brain, part 2</subfield>
    <subfield code="c">Discovery Communications</subfield>
    <subfield code="h">videodisco digital</subfield>
  </datafield>
  <datafield tag="250" ind1=" " ind2=" ">
    <subfield code="a">1a. edici&#xF3;n</subfield>
  </datafield>
  <datafield tag="300" ind1=" " ind2=" ">
    <subfield code="a">1 DVD (25 minutos)</subfield>
    <subfield code="b">sonido, color</subfield>
    <subfield code="c">12 cm</subfield>
  </datafield>
  <datafield tag="490" ind1=" " ind2=" ">
    <subfield code="a">Discovery en la escuela</subfield>
  </datafield>
  <datafield tag="520" ind1=" " ind2=" ">
    <subfield code="a">La fuerza que nos mueve proviene del &#xF3;rgano m&#xE1;s poderoso del mundo: el cerebro humano. Nuestra unidad de procesamiento central genera la misma cantidad de impulsos el&#xE9;ctricos en un d&#xED;a que todos los tel&#xE9;fonos del mundo juntos. Gracias a im&#xE1;genes de &#xFA;ltima tecnolog&#xED;a de esta compleja y misteriosa m&#xE1;quina, podremos observar c&#xF3;mo la actividad del cerebro se acelera cuando enfrentamos situaciones peligrosas o de m&#xE1;ximo estr&#xE9;s, y exploraremos sus capas m&#xE1;s profundas para desentre&#xF1;ar instintos de supervivencia prehist&#xF3;ricos</subfield>
  </datafield>
  <datafield tag="534" ind1=" " ind2=" ">
    <subfield code="t">Human body pushing the limits : the brain : part 2</subfield>
  </datafield>
  <datafield tag="650" ind1="1" ind2="4">
    <subfield code="2">LEMB</subfield>
    <subfield code="a">Neuronas</subfield>
    <subfield code="v">Videodiscos</subfield>
  </datafield>
  <datafield tag="650" ind1="1" ind2="4">
    <subfield code="2">LEMB</subfield>
    <subfield code="a">Sistema nervioso</subfield>
    <subfield code="v">Videodiscos</subfield>
  </datafield>
  <datafield tag="650" ind1="1" ind2="4">
    <subfield code="2">LEMB</subfield>
    <subfield code="a">Cerebro</subfield>
    <subfield code="v">Videodiscos</subfield>
  </datafield>
  <datafield tag="942" ind1=" " ind2=" ">
    <subfield code="2">ddc</subfield>
    <subfield code="c">DVD</subfield>
  </datafield>
  <datafield tag="264" ind1=" " ind2=" ">
    <subfield code="a">Bogot&#xE1;</subfield>
    <subfield code="b">MS Tv &amp; Videos</subfield>
    <subfield code="c">2014</subfield>
  </datafield>
  <datafield tag="336" ind1=" " ind2=" ">
    <subfield code="a">texto</subfield>
    <subfield code="b">txt</subfield>
    <subfield code="2">rdacontent</subfield>
  </datafield>
  <datafield tag="337" ind1=" " ind2=" ">
    <subfield code="a">sin mediaci&#xF3;n</subfield>
    <subfield code="b">n</subfield>
    <subfield code="2">rdamedia</subfield>
  </datafield>
  <datafield tag="338" ind1=" " ind2=" ">
    <subfield code="a">volumen</subfield>
    <subfield code="b">nc</subfield>
    <subfield code="2">rdacarrier</subfield>
  </datafield>
  <datafield tag="040" ind1=" " ind2=" ">
    <subfield code="a">CO-BoRNBP</subfield>
    <subfield code="b">spa</subfield>
    <subfield code="e">rda</subfield>
    <subfield code="c">CO-BoRNBP</subfield>
  </datafield>
  <datafield tag="999" ind1=" " ind2=" ">
    <subfield code="c">8301</subfield>
    <subfield code="d">8301</subfield>
  </datafield>
</record>
